[Event "Mittelrhein Verbandsliga-N 18/19"]
[Site "Nordrheinwestfalen"]
[Date "2019.05.05"]
[Round "10.4"]
[White "Yang, Daniel"]
[Black "Weber, Peter"]
[Result "1/2-1/2"]
[WhiteElo "1782"]
[BlackElo "1765"]
[PlyCount "30"]
[EventDate "2018.09.02"]
[EventType "team-tourn"]
[EventRounds "12"]
[EventCountry "GER"]
[SourceTitle "EXT 2022"]
[Source "ChessBase"]
[SourceDate "2021.10.06"]
[SourceVersion "1"]
[SourceVersionDate "2021.10.06"]
[SourceQuality "1"]
[WhiteTeam "Porz SG III"]
[BlackTeam "Koeln Worringen"]
[WhiteTeamCountry "GER"]
[BlackTeamCountry "GER"]

1. d4 d5 2. Nf3 Nf6 3. g3 c6 4. Bg2 e6 5. 0-0 Be7 6. c4 Nbd7 7. Bf4 0-0 8. Nbd2 Re8 9. Qc2 Nf8 10. Ne5 Ng6 11. Nxg6 hxg6 12. Nf3 Nh5 13. Bd2 Nf6 14. Bg5 Nd7 15. Bxe7 Qxe7 1/2-1/2

[Event "Mittelrhein Verbandsliga-N 18/19"]
[Site "Nordrheinwestfalen"]
[Date "2019.04.07"]
[Round "9.6"]
[White "Gerdau, Andreas"]
[Black "Yang, Daniel"]
[Result "1/2-1/2"]
[WhiteElo "1878"]
[BlackElo "1782"]
[PlyCount "88"]
[EventDate "2018.09.02"]
[EventType "team-tourn"]
[EventRounds "12"]
[EventCountry "GER"]
[SourceTitle "EXT 2022"]
[Source "ChessBase"]
[SourceDate "2021.10.06"]
[SourceVersion "1"]
[SourceVersionDate "2021.10.06"]
[SourceQuality "1"]
[WhiteTeam "Kalker/Deutzer SG"]
[BlackTeam "Porz SG III"]
[WhiteTeamCountry "GER"]
[BlackTeamCountry "GER"]

1. e4 c6 2. d4 d5 3. Nc3 dxe4 4. Nxe4 Nf6 5. Nxf6+ exf6 6. Nf3 Bd6 7. Bc4 0-0 8. 0-0 Be6 9. Qd3 Nd7 10. Bxe6 fxe6 11. Qb3 Nb6 12. Qxe6+ Kh8 13. Qf5 Nd5 14. c3 Qc7 15. Bd2 Rfe8 16. Rfe1 Rad8 17. Kh1 Qf7 18. h3 Kg8 19. a3 Ne7 20. Qe6 Ng6 21. Qxf7+ Kxf7 22. g3 Bc7 23. Kg2 Bb6 24. Rad1 Nf8 25. Be3 Ne6 26. Rd2 Rd7 27. Rde2 Rde7 28. Kf1 Bc7 29. Nh4 g6 30. Nf3 Ng7 31. Bd2 Nf5 32. Rxe7+ Nxe7 33. c4 Bd6 34. Bc3 Rd8 35. Re4 Nf5 36. g4 Ne7 37. g5 f5 38. Re1 b6 39. Ne5+ Bxe5 40. Rxe5 Rd7 41. Bb4 Nc8 42. d5 cxd5 43. cxd5 a5 44. Bc3 Ne7 1/2-1/2

[Event "Mittelrhein Verbandsliga-N 18/19"]
[Site "Nordrheinwestfalen"]
[Date "2019.03.10"]
[Round "8.5"]
[White "Schott, Helmut"]
[Black "Yang, Daniel"]
[Result "1/2-1/2"]
[WhiteElo "1700"]
[BlackElo "1782"]
[PlyCount "54"]
[EventDate "2018.09.02"]
[EventType "team-tourn"]
[EventRounds "12"]
[EventCountry "GER"]
[SourceTitle "EXT 2022"]
[Source "ChessBase"]
[SourceDate "2021.10.06"]
[SourceVersion "1"]
[SourceVersionDate "2021.10.06"]
[SourceQuality "1"]
[WhiteTeam "Dormagen SV"]
[BlackTeam "Porz SG III"]
[WhiteTeamCountry "GER"]
[BlackTeamCountry "GER"]

1. d4 Nf6 2. c4 e6 3. Nc3 Bb4 4. Bd2 0-0 5. e3 b6 6. Be2 Bb7 7. Bf3 Bxf3 8. Nxf3 d5 9. Ne2 Qe7 10. a3 Bd6 11. cxd5 exd5 12. 0-0 Nbd7 13. Bc3 Ne4 14. Nd2 f5 15. g3 Ndf6 16. Qb3 c6 17. Rad1 Ng4 18. Bb4 Rf6 19. Bxd6 Rxd6 20. Nf3 Qf7 21. Nf4 Rh6 22. h3 g5 23. hxg4 gxf4 24. exf4 fxg4 25. Nh4 Rf8 26. Qe3 Qh5 27. Kg2 Re8 1/2-1/2

[Event "Mittelrhein Verbandsliga-N 18/19"]
[Site "Nordrheinwestfalen"]
[Date "2019.01.20"]
[Round "6.7"]
[White "Urban, Michael"]
[Black "Yang, Daniel"]
[Result "1/2-1/2"]
[WhiteElo "1725"]
[BlackElo "1782"]
[PlyCount "40"]
[EventDate "2018.09.02"]
[EventType "team-tourn"]
[EventRounds "12"]
[EventCountry "GER"]
[SourceTitle "EXT 2022"]
[Source "ChessBase"]
[SourceDate "2021.10.06"]
[SourceVersion "1"]
[SourceVersionDate "2021.10.06"]
[SourceQuality "1"]
[WhiteTeam "Eikamp ISVFB"]
[BlackTeam "Porz SG III"]
[WhiteTeamCountry "GER"]
[BlackTeamCountry "GER"]

1. d4 Nf6 2. Bf4 d5 3. e3 e6 4. Nd2 Bd6 5. Bg3 0-0 6. Bd3 b6 7. Ngf3 Bb7 8. Ne5 Nbd7 9. Qe2 c5 10. c3 Qc7 11. f4 Ne4 12. Bh4 f6 13. Nxd7 Qxd7 14. Nxe4 dxe4 15. Bc4 Bd5 16. 0-0 Rab8 17. f5 cxd4 18. Bxd5 exd5 19. cxd4 Rbc8 20. g4 Rc6 1/2-1/2

[Event "Mittelrhein Verbandsliga-N 18/19"]
[Site "Nordrheinwestfalen"]
[Date "2018.12.16"]
[Round "5.7"]
[White "Yang, Daniel"]
[Black "Hanke, Friedhelm"]
[Result "1/2-1/2"]
[WhiteElo "1782"]
[BlackElo "1693"]
[PlyCount "38"]
[EventDate "2018.09.02"]
[EventType "team-tourn"]
[EventRounds "12"]
[EventCountry "GER"]
[SourceTitle "EXT 2022"]
[Source "ChessBase"]
[SourceDate "2021.10.06"]
[SourceVersion "1"]
[SourceVersionDate "2021.10.06"]
[SourceQuality "1"]
[WhiteTeam "Porz SG III"]
[BlackTeam "Hitdorf SV Springer"]
[WhiteTeamCountry "GER"]
[BlackTeamCountry "GER"]

1. d4 f5 2. c4 Nf6 3. Nf3 e6 4. Bf4 Bb4+ 5. Nbd2 0-0 6. a3 Bxd2+ 7. Qxd2 Ne4 8. Qc2 d6 9. e3 Nd7 10. Bd3 Ndf6 11. h3 Qe7 12. g4 e5 13. dxe5 dxe5 14. Nxe5 Nd7 15. gxf5 Nxf2 16. Qxf2 Nxe5 17. Bxe5 Qxe5 18. 0-0-0 Bxf5 19. Bxf5 Rxf5 1/2-1/2

[Event "Mittelrhein Verbandsliga-N 17/18"]
[Site "Nordrheinwestfalen"]
[Date "2018.01.14"]
[Round "6.7"]
[White "Wolff, Michael"]
[Black "Yang, Daniel"]
[Result "1-0"]
[WhiteElo "1928"]
[BlackElo "1792"]
[PlyCount "57"]
[EventDate "2017.09.10"]
[EventType "team-swiss"]
[EventRounds "11"]
[EventCountry "GER"]
[SourceTitle "EXT 2022"]
[Source "ChessBase"]
[SourceDate "2021.10.06"]
[SourceVersion "1"]
[SourceVersionDate "2021.10.06"]
[SourceQuality "1"]
[WhiteTeam "Koeln Ford SF"]
[BlackTeam "Porz SG IV"]
[WhiteTeamCountry "GER"]
[BlackTeamCountry "GER"]

1. e4 c6 2. d4 d5 3. f3 dxe4 4. fxe4 Nf6 5. Nc3 Bg4 6. Nf3 e6 7. Qd3 Be7 8. Bd2 0-0 9. h3 Bh5 10. g4 Bg6 11. Ne5 Na6 12. a3 Nc7 13. 0-0-0 c5 14. Nxg6 fxg6 15. dxc5 Bxc5 16. Qxd8 Raxd8 17. Bd3 Kh8 18. Rhf1 a6 19. Rde1 Bd4 20. Ne2 Bc5 21. Bf4 Bb6 22. Nc3 Rfe8 23. Na4 Na8 24. Nxb6 Nxb6 25. Bc7 Nbd7 26. Bxd8 Rxd8 27. g5 Ne8 28. Bc4 e5 29. Rd1 1-0

[Event "Mittelrhein Verbandsliga-M 16/17"]
[Site "Nordrheinwestfalen"]
[Date "2017.04.30"]
[Round "11.6"]
[White "Gerdell, Frank"]
[Black "Yang, Daniel"]
[Result "1-0"]
[WhiteElo "2050"]
[BlackElo "1718"]
[PlyCount "43"]
[EventDate "2016.09.11"]
[EventType "team-tourn"]
[EventRounds "11"]
[EventCountry "GER"]
[SourceTitle "EXT 2022"]
[Source "ChessBase"]
[SourceDate "2021.10.06"]
[SourceVersion "1"]
[SourceVersionDate "2021.10.06"]
[SourceQuality "1"]
[WhiteTeam "Gruenfeld"]
[BlackTeam "Porz SG V"]
[WhiteTeamCountry "GER"]
[BlackTeamCountry "GER"]

1. c4 Nf6 2. Nc3 e6 3. e4 Bb4 4. e5 Bxc3 5. dxc3 Ne4 6. Qg4 0-0 7. Qxe4 f5 8. exf6 Qxf6 9. Nf3 c6 10. Bd3 g6 11. Bg5 d5 12. Qh4 Qf7 13. Bh6 Re8 14. Ne5 Qc7 15. Qf6 c5 16. Bxg6 hxg6 17. Qxg6+ Kh8 18. Qxe8+ Kh7 19. Qg6+ Kh8 20. Nf7+ Qxf7 21. Qxf7 dxc4 22. Qg7# 1-0

[Event "Mittelrhein Verbandsliga-M 16/17"]
[Site "Nordrheinwestfalen"]
[Date "2017.01.08"]
[Round "6.6"]
[White "Yang, Daniel"]
[Black "Brochhagen, Thomas"]
[Result "0-1"]
[WhiteElo "1680"]
[BlackElo "1914"]
[PlyCount "92"]
[EventDate "2016.09.11"]
[EventType "team-tourn"]
[EventRounds "11"]
[EventCountry "GER"]
[SourceTitle "EXT 2022"]
[Source "ChessBase"]
[SourceDate "2021.10.06"]
[SourceVersion "1"]
[SourceVersionDate "2021.10.06"]
[SourceQuality "1"]
[WhiteTeam "Porz SG V"]
[BlackTeam "Langenfeld II"]
[WhiteTeamCountry "GER"]
[BlackTeamCountry "GER"]

1. d4 d5 2. Nf3 Nf6 3. g3 e6 4. Bg2 c5 5. 0-0 cxd4 6. Nxd4 Nc6 7. c4 Be7 8. cxd5 exd5 9. Nc3 0-0 10. a3 Be6 11. Bf4 Qd7 12. Qa4 a6 13. Rfd1 b5 14. Qc2 Nxd4 15. Rxd4 Qa7 16. Rdd1 Rac8 17. Be3 Bc5 18. Bxc5 Qxc5 19. Qd3 Rfd8 20. Rac1 Rd7 21. Na2 Qf8 22. Rxc8 Qxc8 23. Rc1 Rc7 24. Rxc7 Qxc7 25. Qc3 Qxc3 26. Nxc3 Kf8 27. e3 Ke7 28. b4 Kd6 29. h3 Nd7 30. Kf1 Nb6 31. Ke2 f6 32. Kd3 Nc4 33. Kd4 Nxa3 34. Na2 Nc4 35. Nc3 Ne5 36. Na2 Nc6+ 37. Kd3 d4 38. Bxc6 Kxc6 39. Nc1 dxe3 40. fxe3 Bxh3 41. Nb3 Kd5 42. Nd2 Bg4 43. Nb3 Bf5+ 44. Kc3 Ke4 45. Nd4 Bg4 46. Kd2 h5 0-1

[Event "GER-chT U14"]
[Site "Lingen"]
[Date "2011.12.29"]
[Round "5.4"]
[White "Yang, Daniel"]
[Black "Dannenberg, Thomas"]
[Result "1-0"]
[WhiteElo "1263"]
[BlackElo "1427"]
[PlyCount "95"]
[EventDate "2011.12.27"]
[EventType "team-swiss"]
[EventRounds "7"]
[EventCountry "GER"]
[SourceTitle "EXT 2022"]
[Source "ChessBase"]
[SourceDate "2021.10.06"]
[SourceVersion "1"]
[SourceVersionDate "2021.10.06"]
[SourceQuality "1"]
[WhiteTeam "Porz SG U14"]
[BlackTeam "Iserlohn Koenigsspringer U14"]
[WhiteTeamCountry "GER"]
[BlackTeamCountry "GER"]

1. d4 d5 2. Nf3 Nf6 3. g3 e6 4. Bg2 Bd6 5. 0-0 0-0 6. Nbd2 Nc6 7. b3 b6 8. Bb2 Bb7 9. c4 Rc8 10. cxd5 exd5 11. Ne5 Re8 12. Ndf3 a6 13. Qc2 Ne7 14. Bh3 Rb8 15. Ng5 Rf8 16. Nexf7 Rxf7 17. Be6 Kf8 18. Nxf7 Qe8 19. Nxd6 cxd6 20. Ba3 Qd8 21. Rac1 Bc6 22. Qd2 Bd7 23. Bxd7 Qxd7 24. Qf4 Rd8 25. Rc3 Ng6 26. Qf3 Kg8 27. Rfc1 Ne7 28. Rc7 Qe6 29. Qe3 Qxe3 30. fxe3 Nf5 31. Rc8 Rxc8 32. Rxc8+ Kf7 33. Rc6 Nxe3 34. Rxd6 Nc2 35. Bb2 Nb4 36. a3 Nc2 37. Rxb6 Ne4 38. Rxa6 Nd2 39. b4 g5 40. Kf2 g4 41. b5 Nc4 42. Bc3 N2xa3 43. Rxa3 Nxa3 44. b6 Nb5 45. b7 Nxc3 46. b8Q Ne4+ 47. Ke3 Kg6 48. Qg8+ 1-0

[Event "GER-chT U14"]
[Site "Lingen"]
[Date "2011.12.28"]
[Round "3.4"]
[White "Yang, Daniel"]
[Black "Baberz, Alexander"]
[Result "1/2-1/2"]
[WhiteElo "1263"]
[BlackElo "1765"]
[PlyCount "93"]
[EventDate "2011.12.27"]
[EventType "team-swiss"]
[EventRounds "7"]
[EventCountry "GER"]
[SourceTitle "EXT 2022"]
[Source "ChessBase"]
[SourceDate "2021.10.06"]
[SourceVersion "1"]
[SourceVersionDate "2021.10.06"]
[SourceQuality "1"]
[WhiteTeam "Porz SG U14"]
[BlackTeam "Hamburger SK U14"]
[WhiteTeamCountry "GER"]
[BlackTeamCountry "GER"]

1. e4 c5 2. Nc3 d6 3. d3 Nc6 4. Be3 g6 5. d4 cxd4 6. Bxd4 Nxd4 7. Qxd4 e5 8. Qd2 a6 9. Bc4 Be6 10. Bb3 Qd7 11. Nf3 Bxb3 12. cxb3 Rc8 13. 0-0 Nf6 14. Nd5 Nxd5 15. Qxd5 Qc6 16. Qxc6+ Rxc6 17. Rac1 Be7 18. Rxc6 bxc6 19. Rc1 Kd7 20. Rd1 Kc7 21. Rc1 Kb7 22. Rd1 f6 23. Kf1 Rd8 24. Nd2 d5 25. Ke2 Kb6 26. Rc1 Bb4 27. exd5 cxd5 28. a3 Be7 29. b4 f5 30. Nb3 Rd7 31. Nc5 Bxc5 32. Rxc5 e4 33. a4 f4 34. a5+ Kb7 35. b5 d4 36. bxa6+ Kxa6 37. Re5 e3 38. fxe3 fxe3 39. Kd3 g5 40. b4 h6 41. g3 g4 42. Ke2 d3+ 43. Kd1 e2+ 44. Kd2 Rd6 45. Re8 Kb5 46. Re5+ Ka6 47. Re8 1/2-1/2

[Event "GER-chT U14"]
[Site "Lingen"]
[Date "2011.12.27"]
[Round "1.4"]
[White "Yang, Daniel"]
[Black "Siegl, Adrian"]
[Result "0-1"]
[WhiteElo "1263"]
[BlackElo "1725"]
[PlyCount "86"]
[EventDate "2011.12.27"]
[EventType "team-swiss"]
[EventRounds "7"]
[EventCountry "GER"]
[SourceTitle "EXT 2022"]
[Source "ChessBase"]
[SourceDate "2021.10.06"]
[SourceVersion "1"]
[SourceVersionDate "2021.10.06"]
[SourceQuality "1"]
[WhiteTeam "Porz SG U14"]
[BlackTeam "Nuernberg Sued SW U14"]
[WhiteTeamCountry "GER"]
[BlackTeamCountry "GER"]

1. d4 d5 2. c4 e6 3. g3 Nc6 4. Nf3 Nf6 5. Bg2 Bb4+ 6. Bd2 Bxd2+ 7. Nbxd2 0-0 8. 0-0 Bd7 9. Re1 Re8 10. e4 dxe4 11. Nxe4 Nxe4 12. Rxe4 Qf6 13. Ne5 Nxe5 14. Rxe5 Qe7 15. Qb3 Rab8 16. Rae1 Qd6 17. d5 f6 18. dxe6 fxe5 19. c5 Bxe6 20. cxd6 Bxb3 21. dxc7 Rbc8 22. Rc1 Re7 23. axb3 Rcxc7 24. Rd1 Red7 25. Re1 Rc5 26. Bh3 Rdc7 27. Kg2 Kf7 28. Bf5 Rb5 29. Re3 g6 30. Bd3 Rbc5 31. Bc4+ Ke8 32. Kf3 Ke7 33. Kg4 b5 34. Bd3 a6 35. b4 Rd5 36. Re4 Rxd3 37. Rxe5+ Kf6 38. Re4 Rc4 39. Rf4+ Rxf4+ 40. Kxf4 Rb3 41. Ke4 Rxb4+ 42. Kd5 Rxb2 43. Kc5 a5 0-1